| 000 | 00627nam a22001937a 4500 | ||
|---|---|---|---|
| 003 | DO-SdBNP | ||
| 005 | 20171123124855.0 | ||
| 008 | 171123b 2001mx||||| |||| 00| 0 spa d | ||
| 040 |
_aBPMSU _bspa _cBPMSU |
||
| 100 | _aLehmann, Charles H: | ||
| 240 |
_aAnalytic geometry _lEspañol |
||
| 245 | 1 |
_aGeometría analítica / _cCharles H. Lehmann ; traducido Rafael García Díaz; revisión Marcelo Santaló Sors |
|
| 260 |
_aMéxico, D.F. : _bLimusa, _c2001 |
||
| 300 |
_a494 p.: _bil. , _c23 cm. |
||
| 500 | _aIncluye índice | ||
| 700 |
_aGarcía Díaz, Rafael _etrad. |
||
| 942 |
_2ddc _cBK |
||
| 945 | _aInventariado, 2017/MFF | ||
| 999 |
_c13040 _d13040 |
||